Missa De Beste Virgine

Hlavní autor: Palestrina, Giovanni Pierluigi da, 1525-1594
Další autoři: Bäuerle, Hermann, 1869-1936
Jazyk: Němčina
Latina
Vydáno: Leipzig : Breitkopf & Härtel, 1951
Edice: Breitkopf & Härtel's Partitur-Bibliothek
Fyzický popis: 26 s.
Hudebniny Hudebniny
Uloženo v:
LEADER 00945ncm a22002532a 4500
001 000400932
003 CZ BrMZK
005 20111017124447.0
007 qu
008 980105s1951 gw f lat d
040 |a BOA001  |b cze 
041 1 |a lat  |a ger 
072 7 |a 78  |x Hudba  |2 Konspekt  |9 9 
100 1 |a Palestrina, Giovanni Pierluigi da,  |d 1525-1594  |7 jn20000604332  |4 cmp 
245 1 0 |a Missa De Beste Virgine  |h [hudebnina] /  |c Giovanni Pierluigi da Palestrina ; kritisch-korrekte modernis. Aus. von Hermann Bäuerle 
260 |a Leipzig :  |b Breitkopf & Härtel,  |c 1951 
300 |a 26 s. 
490 1 |a Breitkopf & Härtel's Partitur-Bibliothek ;  |v Nr. 1872 
700 1 |a Bäuerle, Hermann,  |d 1869-1936  |7 mzk2011634228  |4 edt 
830 0 |a Breitkopf & Härtel's Partitur-Bibliothek 
910 |a BOA001  |b Mus3-0452.708 
990 |a MU 
991 |b 201003 
996 6 |b 2619803645  |c Mus3-0452.708  |l MZK  |r Sklad / do 1 hodiny  |n 2  |w 000400932  |u 000010  |a 1  |e BOA001  |j MZK50  |s P